Star Wars Planets and Moons by Movie - Episode VII - Statistics

General Stats
  • This quiz has been taken 50 times
  • The average score is 4 of 6
Answer Stats
Answer % Correct
Jakku
100%
Ilum/Starkiller Base
70%
D'Qar
62%
Takodana
62%
Ahch-To
51%
Hosnian Prime
49%
No matching quizzes found
Score Distribution
Percent of People with Each Score
Percentile by Number Answered
Your Score History
You have not taken this quiz